| 000 | 01330nac a22003737a 4500 | ||
|---|---|---|---|
| 001 | BR8600052 | ||
| 003 | BR-BrBNA | ||
| 005 | 20240105120346.0 | ||
| 008 | 230509b bl.|||m| |||| 00| 0 por d | ||
| 040 |
_aBR-BrBNA _bpor _cBiblioteca Nacional de Agricultura |
||
| 072 | _aF01; H20 | ||
| 090 | _a2480 BR8600052 | ||
| 100 | 1 | _aGasparotto, L. | |
| 100 | 1 | _aAlbuquerque, P.E.P. | |
| 100 | 1 | _aD'Antona, O. de J.G. | |
| 100 | 1 | _aRibeiro, I.A. | |
| 100 | 1 | _aRodrigues, F.M. | |
| 100 | 1 | _aLim, T.M. | |
| 110 | 1 | _aCentro Nacional de Pesquisa da Seringueira e Dende, Manaus, AM (Brasil) | |
| 245 | 1 | _aReabilitacao de seringais de cultivo da Amazonia [Microcyclus ulei, controle quimico, Rondonia, Brasil] | |
| 246 | 1 | _aA suggested integrated approach towards controlling salle on rubber [Microcyclus ulei, chemical control, Rondonia, Brazil] | |
| 260 | 3 |
_aManaus, AM (Brasil): _c1985. |
|
| 300 | _a27 p. | ||
| 490 |
_aBoletim de Pesquisa - Centro Nacional de Pesquisa da Seringueira e Dende (Brazil) _vno. 1 _xISSN 0101-904X |
||
| 500 | _a8 illus.; 11 ref.; Summaries (En, Pt) | ||
| 650 | _aSERINGUEIRA | ||
| 650 | _aPRATICA CULTURAL | ||
| 650 | _aDEFESA VEGETAL | ||
| 650 | _aFUNGO | ||
| 650 | _aFUNGICIDA | ||
| 650 | _aAMAZONIA | ||
| 909 |
_a202312 _bLúcia Elande _c55 _dLúcia Elande |
||
| 942 |
_2AGRIS _n0 _cMS |
||
| 999 |
_c279058 _d279058 |
||